Normal view
MARC view
- Artists' materials
Entry Topical Term
001 - CONTROL NUMBER
- control field: 121060
003 - CONTROL NUMBER IDENTIFIER
- control field: NUST
005 - DATE AND TIME OF LATEST TRANSACTION
- control field: 20240222105513.0
008 - FIXED-LENGTH DATA ELEMENTS
- fixed length control field: 240222|| aca||aabn | a|a d
040 ## - CATALOGING SOURCE
- Original cataloging agency: NUST
- Transcribing agency: NUST
150 ## - HEADING--TOPICAL TERM
- Topical term or geographic name entry element: Artists' materials
- Geographic subdivision: Asia
670 ## - SOURCE DATA FOUND
- Source citation: Work cat.: (NUST): McArthur, Meher. 121058, The arts of Asia :, 2005.
